Combination of NMR relaxometry and mechanical testing during vulcanization (Record no. 55860)
[ view plain ]
| 000 -LEADER | |
|---|---|
| fixed length control field | 00607nam a2200241Ia 4500 |
| 100 ## - MAIN ENTRY--AUTHOR NAME | |
| Personal name | Kahle S |
| 245 #0 - TITLE STATEMENT | |
| Title | Combination of NMR relaxometry and mechanical testing during vulcanization |
| 260 ## - PUBLICATION, DISTRIBUTION, ETC. (IMPRINT) | |
| Name of publisher | Kautschuk Gummi Kunststoffe |
| Year of publication | 2008 |
| 300 ## - PHYSICAL DESCRIPTION | |
| Number of Pages | 92-94 |
| 650 ## - SUBJECT ADDED ENTRY--TOPICAL TERM | |
| Topical Term | Cross-linking |
| 650 ## - SUBJECT ADDED ENTRY--TOPICAL TERM | |
| Topical Term | Curing |
| 650 ## - SUBJECT ADDED ENTRY--TOPICAL TERM | |
| Topical Term | Molecular mobility |
| 650 ## - SUBJECT ADDED ENTRY--TOPICAL TERM | |
| Topical Term | NMR |
| 650 ## - SUBJECT ADDED ENTRY--TOPICAL TERM | |
| Topical Term | Permanent magnets |
| 650 ## - SUBJECT ADDED ENTRY--TOPICAL TERM | |
| Topical Term | Rheology |
| 700 ## - ADDED ENTRY--PERSONAL NAME | |
| Personal name | Blumler P |
| 700 ## - ADDED ENTRY--PERSONAL NAME | |
| Personal name | Hehn M |
| 700 ## - ADDED ENTRY--PERSONAL NAME | |
| Personal name | Nussbaum W |
| 700 ## - ADDED ENTRY--PERSONAL NAME | |
| Personal name | Raich H P |
| 700 ## - ADDED ENTRY--PERSONAL NAME | |
| Personal name | Wilhelm |
| 942 ## - ADDED ENTRY ELEMENTS (KOHA) | |
| Koha item type | Journals |
| Withdrawn status | Lost status | Damaged status | Not for loan | Home library | Current library | Shelving location | Date acquired | Serial Enumeration / chronology | Koha item type |
|---|---|---|---|---|---|---|---|---|---|
| Journals | RRII Library | RRII Library | Rubber technology | 19/06/2008 | Volume 61, Issue 3 | Journals |